| 000 | 00561nam a22001937a 4500 | ||
|---|---|---|---|
| 003 | OSt | ||
| 005 | 20180116183025.0 | ||
| 008 | 151203b xxu||||| |||| 00| 0 eng d | ||
| 020 | _a9781558503847 | ||
| 040 | _c0 | ||
| 082 | _a332.6 WIL 1994 | ||
| 100 | _aGordon K. Williamson | ||
| 245 |
_aLow Risk Investment _bHow to get a good Return on your Mony without Losing any Sleep _cGordon K. Williamson |
||
| 260 |
_aUSA _bBOB ADAMAS, INC _c1994 |
||
| 300 |
_a309 p. _bPB |
||
| 440 | _aLow Risk Investment | ||
| 600 | _aGordon K. Williamson | ||
| 942 |
_2ddc _cBK |
||
| 999 |
_c350762 _d350762 |
||